| 000 | 00421nam a2200181Ia 4500 | ||
|---|---|---|---|
| 001 | 3495 | ||
| 005 | 20260306145647.0 | ||
| 008 | 260306t1994||||xx |||||||||||||| ||spa|| | ||
| 041 | _aESP | ||
| 082 |
_a282 _bJ81 |
||
| 100 |
_aJuan Pablo II _eAUT |
||
| 245 | 0 | _aMi decálogo para el tercer milenio | |
| 260 | _c1994 | ||
| 300 |
_a195 páginas : _c22 cm. |
||
| 650 | _aGEN | ||
| 654 | _aCHU | ||
| 942 |
_cLIB _dJUS _fJUS _2ddc _n |
||
| 999 |
_c3495 _d3495 |
||